000 00676nam a2200217 i 4500
001 105642
003 ES-MaACL
007 t|
008 060801s1961 ag ||||1| spa d
080 _a821.133.1-31"19"
100 1 _aRochefort, Christiane.
_998068
245 1 4 _aLos niños del siglo /
_cChristiane Rochefort ; traducción de Manuel Lamana.
260 _aBuenos Aires :
_bLosada,
_c[1961]
300 _a135 p. ;
_c21 cm.
490 1 _aNovelistas de nuestra época
500 _aBiblioteca Juan Andrade.
700 1 _aLamana, Manuel.
_969761
830 0 _aNovelistas de nuestra época
_9181054
852 _aES-MaACL
_jAND-457
_bR.109760
999 _c105642
_d105642